US States by Political Alignment - Statistics

General Stats
  • This quiz has been taken 41 times
  • The average score is 37 of 51
Answer Stats
Hint Answer % Correct
Alabama Republican
100%
Connecticut Democratic
97%
Delaware Democratic
97%
California Democratic
94%
District of Columbia Democratic
91%
Arkansas Republican
89%
Alaska Republican
86%
Kansas Republican
86%
Colorado Democratic
83%
Hawaii Democratic
83%
Maryland Democratic
83%
Massachusetts Democratic
83%
New Jersey Democratic
83%
New York Democratic
83%
Oregon Democratic
83%
Washington Democratic
83%
Idaho Republican
83%
Kentucky Republican
83%
Tennessee Republican
83%
Illinois Democratic
80%
Rhode Island Democratic
80%
Vermont Democratic
80%
Louisiana Republican
80%
Mississippi Republican
80%
Oklahoma Republican
80%
South Carolina Republican
80%
Missouri Republican
77%
West Virginia Republican
77%
Montana Republican
74%
South Dakota Republican
74%
Wyoming Republican
74%
Maine Democratic
71%
Minnesota Democratic
71%
New Hampshire Democratic
71%
Nebraska Republican
71%
Texas Republican
71%
Utah Republican
71%
North Dakota Republican
69%
Pennsylvania Swing
69%
Arizona Swing
60%
Georgia Swing
60%
New Mexico Democratic
51%
Nevada Swing
49%
North Carolina Swing
49%
Virginia Democratic
46%
Ohio Swing
46%
Wisconsin Swing
46%
Florida Swing
37%
Michigan Swing
37%
Indiana Swing
26%
Iowa Swing
23%
No matching quizzes found
Score Distribution
Percent of People with Each Score
Percentile by Number Answered
Your Score History
You have not taken this quiz